00426nam a2200157Ia 4500008004100000041000800041082001400049100003100063245007300094250000800167260002900175300000800204542001500212551002700227650001400254220531s9999 xx 000 0 und d aeng bDAT / KUR aDatta, S. K. / Kuri, P. K. aRural Livelihood In India: Social, Economic And Environmental Issues a1ST aNew DelhibSerialsc2014 a444 d17-04-2015 aEconomicsbNon-grant-E aEconomics